| 000 | 00673nam a22002177a 4500 | ||
|---|---|---|---|
| 999 |
_c9368 _d9368 |
||
| 003 | AR-CdUCM | ||
| 008 | 190327b ||||| |||| 00| 0 spa d | ||
| 040 |
_aMUNICIPALIDAD PROVINCIAL DEL CUSCO _cBIBLIOTECA MUNICIPAL DEL CUSCO |
||
| 082 |
_a869.56 / _bI99 |
||
| 100 |
_aIzquierdo Ríos, Francisco _91079 |
||
| 245 |
_aMi aldea : _bPequeñas prosas / |
||
| 260 |
_aLima : _bTalls. de Gráfica Panamericana, _c1963. |
||
| 300 |
_a90 paginas ; _c21 cm. |
||
| 500 | _aDonación familia Nieto | ||
| 505 | _aContenido :Poesías peruanas / | ||
| 650 |
_aLiteratura peruana _9169 |
||
| 650 |
_aPoesías _92272 |
||
| 650 |
_aSiglo XX _98 |
||
| 942 |
_2ddc _cLIBROS |
||
| 945 | _arjall | ||